Business organisation and management (Record no. 134620)
[ view plain ]
| 000 -LEADER | |
|---|---|
| fixed length control field | 00665nam a2200253Ia 4500 |
| 003 - CONTROL NUMBER IDENTIFIER | |
| control field | OSt |
| 005 - DATE AND TIME OF LATEST TRANSACTION | |
| control field | 20230401095541.0 |
| 008 - FIXED-LENGTH DATA ELEMENTS--GENERAL INFORMATION | |
| fixed length control field | 210210b1998 xxu||||| |||| 00| 0 eng d |
| 020 ## - INTERNATIONAL STANDARD BOOK NUMBER | |
| International Standard Book Number | 8121908132 |
| 040 ## - CATALOGING SOURCE | |
| Transcribing agency | AL |
| 041 ## - LANGUAGE CODE | |
| Language code of text/sound track or separate title | eng |
| 082 ## - DEWEY DECIMAL CLASSIFICATION NUMBER | |
| Classification number | 383/195 |
| Edition number | SHUB |
| 100 ## - MAIN ENTRY--PERSONAL NAME | |
| Personal name | M C Shukla |
| 9 (RLIN) | 36281 |
| 245 ## - TITLE STATEMENT | |
| Title | Business organisation and management |
| 260 ## - PUBLICATION, DISTRIBUTION, ETC. | |
| Place of publication, distribution, etc. | New Delhi |
| Name of publisher, distributor, etc. | S. Chand & Co. Ltd. |
| Date of publication, distribution, etc. | 1998 |
| 300 ## - PHYSICAL DESCRIPTION | |
| Extent | 878p. |
| Other physical details | PB |
| Dimensions | 21x13cm. |
| 650 ## - SUBJECT ADDED ENTRY--TOPICAL TERM | |
| Topical term or geographic name entry element | Company Management |
| 9 (RLIN) | 81481 |
| 650 ## - SUBJECT ADDED ENTRY--TOPICAL TERM | |
| Topical term or geographic name entry element | Legal Ownership |
| 9 (RLIN) | 81482 |
| 650 ## - SUBJECT ADDED ENTRY--TOPICAL TERM | |
| Topical term or geographic name entry element | Business System |
| 9 (RLIN) | 81483 |
| 690 ## - LOCAL SUBJECT ADDED ENTRY--TOPICAL TERM (OCLC, RLIN) | |
| Topical term or geographic name as entry element | Management |
| 9 (RLIN) | 36286 |
| 700 ## - ADDED ENTRY--PERSONAL NAME | |
| Personal name | SHUKLA (M C) |
| 9 (RLIN) | 81484 |
| 906 ## - LOCAL DATA ELEMENT F, LDF (RLIN) | |
| a | 053135 |
| 942 ## - ADDED ENTRY ELEMENTS (KOHA) | |
| Source of classification or shelving scheme | Dewey Decimal Classification |
| Koha item type | Book |
| Withdrawn status | Lost status | Source of classification or shelving scheme | Damaged status | Not for loan | Collection code | Home library | Current library | Shelving location | Date acquired | Cost, normal purchase price | Total Checkouts | Full call number | Barcode | Date last seen | Price effective from | Koha item type |
|---|---|---|---|---|---|---|---|---|---|---|---|---|---|---|---|---|
| Dewey Decimal Classification | Management | St Aloysius Library | St Aloysius Library | UGC Book Bank | 07/10/1998 | 125.00 | 383/195 SHUB | 053135 | 02/17/2021 | 02/17/2021 | Book | |||||
| Dewey Decimal Classification | Management | St Aloysius Library | St Aloysius Library | UGC Book Bank | 07/10/1998 | 125.00 | 383/196 SHUB | 053136 | 02/17/2021 | 02/17/2021 | Book | |||||
| Dewey Decimal Classification | Management | St Aloysius Library | St Aloysius Library | UGC Book Bank | 07/10/1998 | 125.00 | 383/197 SHUB | 053137 | 02/17/2021 | 02/17/2021 | Book | |||||
| Dewey Decimal Classification | Management | St Aloysius Library | St Aloysius Library | UGC Book Bank | 07/10/1998 | 125.00 | 383/198 SHUB | 053138 | 02/17/2021 | 02/17/2021 | Book | |||||
| Dewey Decimal Classification | Management | St Aloysius Library | St Aloysius Library | UGC Book Bank | 07/10/1998 | 125.00 | 383/199 SHUB | 053139 | 02/17/2021 | 02/17/2021 | Book | |||||
| Dewey Decimal Classification | Management | St Aloysius Library | St Aloysius Library | UGC Book Bank | 07/10/1998 | 125.00 | 383/2 SHUB | BB00341 | 07/06/2023 | 02/17/2021 | Book Bank | |||||
| Dewey Decimal Classification | Management | St Aloysius Library | St Aloysius Library | UGC Book Bank | 07/10/1998 | 125.00 | 383/9 SHUB | BB00348 | 07/06/2023 | 02/17/2021 | Book Bank | |||||
| Dewey Decimal Classification | Management | St Aloysius Library | St Aloysius Library | UGC Book Bank | 07/10/1998 | 125.00 | 383/3 SHUB | BB00342 | 07/06/2023 | 02/17/2021 | Book Bank | |||||
| Dewey Decimal Classification | Management | St Aloysius Library | St Aloysius Library | UGC Book Bank | 07/10/1998 | 125.00 | 383/1 SHUB | BB00340 | 07/06/2023 | 02/17/2021 | Book Bank |